01027nam a2200277Ia 450000500170000000800410001702000180005804000350007608400110011110000290012224500790015125000230023026400320025330000470028533600270033233700330035933800280039249000660042053400190048660000450050565000540055065000400060465000350064470000420067970000280072120240514151244.0160713s2013 c g 000 0 s  a9789586652537 aCO-BoRNBPbspaerdacCO-BoRNBP aH GAZ11 aGazier, Michèled1946-10aVirginia Woolfcguión de Michèle Gazier ; dibujos de Bernard Ciccolini aEdición especial aBogotábImpedimentac2013 a90 páginasbilustraciones a colorc22 cm atextobtxt2rdacontent asin mediaciónbn2rdamedia avolumenbnc2rdacarrier aPlan Nacional de Lectura y Escritura Leer es mi Cuento. 2013 tVirginia Woolf14aWoolf, Virginiad1882-1941vBiografías142LEMBaTiras cómicas, historietas, etcySiglo XX142LEMBaLiteratura francesaySiglo XX142LEMBaMujeres en la literatura1 aCiccolini, Bernardd1953-eilustrador1 aGarcía, Olallad1973-